Gimnasia, deporte y juego
Guardat en:
| Autors principals: | , |
|---|---|
| Altres autors: | |
| Format: | Llibre |
| Idioma: | espanyol |
| Publicat: |
Buenos Aires
Kapelusz
1972
|
| Col·lecció: | Pedagogía Práctica
|
| Matèries: | |
| Etiquetes: |
Afegir etiqueta
Sense etiquetes, Sigues el primer a etiquetar aquest registre!
|
MARC
| LEADER | 00000nam a2200000 a 4500 | ||
|---|---|---|---|
| 001 | UCU0627 | ||
| 003 | CL-VaPUC | ||
| 008 | 960322e19720000AG |||||||||||||||||spa|d | ||
| 082 | 0 | 4 | |a 613.7 |b DIE |2 21 |
| 100 | 0 | |a Dieckert, Jurgen |e author |9 355965 | |
| 700 | 0 | |a Kreiss, F |e author |9 355966 | |
| 700 | |a Meusel, Heinz |e autor |9 355967 | ||
| 245 | 1 | 0 | |a Gimnasia, deporte y juego |
| 300 | |a 163 p | ||
| 942 | |c BK | ||
| 945 | |d 19960322 00:00:00 |a paguirre | ||
| 260 | |a Buenos Aires |b Kapelusz |c 1972 | ||
| 650 | 7 | |a GIMNASIA |2 CL-VaPUC |9 307275 | |
| 650 | 7 | |a DEPORTE |2 CL-VaPUC |9 355968 | |
| 650 | 7 | |a JUEGO |2 CL-VaPUC |9 311404 | |
| 650 | 0 | |a Fútbol |9 307513 | |
| 650 | 7 | |a BASQUETBOL |2 CL-VaPUC |9 355969 | |
| 650 | 0 | |a Danza |9 328568 | |
| 583 | |a last modification |c 19960322 00:00:00 |k Rodrigo Vera | ||
| 490 | 0 | |a Pedagogía Práctica | |
| 999 | |c 245466 |d 245464 | ||
| 952 | |0 0 |1 0 |4 0 |6 613_700000000000000_DIE_1972 |7 0 |8 P |9 259976 |a BIBEDU |b BIBEDU |c BIBEDU_PB |d 2019-11-19 |i 1638092 |o 613.7 DIE 1972 |p 1638092 |r 2024-01-25 |w 2019-11-19 |y BK |k EDU | ||
| 952 | |0 0 |1 0 |4 0 |6 613_700000000000000_DIE_1972 |7 0 |8 P |9 259977 |a BIBEDU |b BIBEDU |c BIBEDU_PB |d 2019-11-19 |i 1638521 |o 613.7 DIE 1972 |p 1638521 |r 2024-01-25 |w 2019-11-19 |y BK |k EDU | ||